Countries where Burkas are Mandatory - Statistics

General Stats
  • This quiz has been taken 62 times
  • The average score is 18 of 23
Answer Stats
Continent Country % Correct
Asia Iran
94%
Asia Afghanistan
92%
Asia Saudi Arabia
92%
Africa Sudan
92%
Asia Yemen
92%
Asia Iraq
90%
Asia Kuwait
88%
Asia Oman
88%
Asia Pakistan
88%
Africa Algeria
86%
Africa Egypt
86%
Asia Jordan
86%
Asia Qatar
84%
Asia United Arab Emirates
84%
Africa Niger
80%
Africa Somalia
80%
Africa Libya
78%
Africa Chad
74%
Asia Bangladesh
70%
Africa Nigeria
66%
Africa Eritrea
62%
Asia Turkmenistan
52%
Africa Ethiopia
34%
No matching quizzes found
Score Distribution
Percent of People with Each Score
Percentile by Number Answered
Your Score History
You have not taken this quiz